000 01261nab a22002297a 4500
999 _c6056
_d6056
003 OSt
005 20260120234655.0
008 190514b xxu||||| |||| 00| 0 spa d
040 _cPJ
100 _96673
_aAuberge, Julieta Michelle
245 1 3 _aLa importancia de los vínculos y la escucha de los y las adolescentes en los procesos adoptivos /
_cJulieta Michelle Auberge.
300 _ap. 145-153
500 _aCita: TR LALEY AR/DOC/254/2024.
505 _aSumario: I. Palabras introductorias.— II. Antecedentes del caso.— III. La importancia de los vínculos para la construcción de identidades.— IV. El efecto pleno en la adopción por integración.— V. La voz de A. en el proceso y la importancia de su consentimiento.— VI. Conclusión.
505 _tFallo comentado: JCiv. y Com., Conciliación y Familia, Huinca Renancó ~ 05/06/2023 ~ G. C. H., A. s/ adopción simple — adopción por integración.
650 0 _9967
_aDERECHO DE FAMILIA
650 0 _9974
_aADOPCIÓN
650 0 _95662
_aADOLESCENTES
650 0 _91057
_aJURISPRUDENCIA APLICABLE
773 0 _02844
_93222
_dBuenos Aires : AbeledoPerrot, 1989-
_tDerecho de familia. Revista Interdisciplinaria de doctrina y jurisprudencia. Abril 2024-II.
_z18511201
942 _2udc
_cANA